Words in French (English to French) - Statistics

General Stats
  • This quiz has been taken 282 times
  • The average score is 10 of 15
Answer Stats
English Word French Word % Correct
English Anglais
93%
School Ecole
91%
Music Musique
90%
Play Jouer
89%
Fish Poisson
89%
Read Lire
87%
Bed Lit
75%
Colours Couleurs
65%
Gymnastics Gymnastique
60%
Clock Horloge
51%
Picture Photo
48%
Desk Bureau
47%
Carpet Tapi
44%
Bubble Bulle
27%
Random Hazard
7%
No matching quizzes found
Score Distribution
Percent of People with Each Score
Percentile by Number Answered
Your Score History
You have not taken this quiz